01833nam a2200253 a 4500001001000000003000900010005001700019008004100036020001500077040002200092111006100114245017600175250001200351260003400363300004300397504003200440505074300472650007801215650009301293650007801386700002601464700003401490710005501524000014884DO-SdBNP20170224102319.0100127s2008 dr abd 001 0 spa d a9945859501 aBPMSUbspacBPMSU2 aForo sobre Desarrollo Humanod(1: 2006:cSanto Domingo )10aÁreas protegidas y desarrollo humano :b¿por qué proteger a una iguana cuando hay niños desnutridos ? /ccoordinación general Rosa Cañete Alonso y Miguel Silva. a2a. ed. aSanto Domingo :bPNUD,c2008. a157 p. :bil., gráf., mapas c23 cm. aBibliografía ; p. 147 1510 aPrólogo -- Introducción -- Áreas protegidas y desarrollo humano -- El Sistema Nacional de Áreas Protegidas de República Dominicana (1956-2006): 50 años de evolución histórica hacia el desarrollo humano -- Conflictos entre involucrados con el uso y gestión de las áreas protegidas -- Participación del público y respuestas de los expositores -- Las experiencias exitosas de Bolivia, Bostwana, Perú, Ghana y Congo -- El programa de pequeños subsidios: su contribución al desarrollo y empoderamiento local --Reserva científica Loma Quita Espuela, provincia Duarte -- Monumento natural Salto del Limón, provincia Samaná -- Participación del público -- Conclusión -- Notas -- Bibliografía -- Anexos. 4aÁREAS PROTEGIDASzREPÚBLICA DOMINICANAxCONGRESOS, CONFERENCIAS, ETC. 4aCONSERVACIÓN RECURSOS NATURALESzREPÚBLICA DOMINICANAxCONGRESOS, CONFERENCIAS, ETC. 4aPARQUES NACIONALESzREPÚBLICA DOMINICANAxCONGRESOS, CONFERENCIAS, ETC.12aSilva, Miguel,ecoor.12aCañete Alonso, Rosa,ecoor.2 aPrograma de las Naciones Unidas para el Desarrollo